01259nam a2200385 i 45000010005000000030009000050050017000140080039000310400036000700460009001060800014001150800008001291000035001372450064001722460053002362600048002893000033003373360027003703370054003973380028004513800016004793800023004953880014005183880014005326500019005466500022005656580011005876580028005987000029006267100036006558560097006919420012007889990015008009520058008159535KOSZ 00520191014120946.0 s1962 pl a f |000 0 pol cKOSZ 005aKOSZ 005dKOSZ 005/EG k1962 a621.315.5 a5481 aLawson, William Donald eAutor10aOtrzymywanie monokryształów /cW. D. Lawson, S. Nielsen.30iTyt. oryginału:aPreparation of single crystals aWarszawa :bPańst. Wydaw. Naukowe,c1962. a387, [1] s. :bil. ;c20 cm. 2rdacontentaTekstbtxt 2rdamediaaBez urządzenia pośredniczącegobn 2rdacarrieraWoluminbnc aKsiążki aPublikacje fachowe a1901-2000 a1945-1989 7aMonokryształy 7aPółprzewodniki aChemia aInżynieria i technika1 aNielsen, Stanley eAutor2 aPaństwowe Wydawnictwo Naukowe uhttp://koha.tu.koszalin.pl/cgi-bin/koha/opac-detail.pl?biblionumber=9535yKatalog online BPK cKS2UKD c9535d9535 00104071aBPKbBPKcco24761p01810967t621.3 EyKS